QS Week (Record no. 118797)
[ view plain ]
| 000 -LEADER | |
|---|---|
| fixed length control field | 00554cas a22002055a 4500 |
| 001 - CONTROL NUMBER | |
| control field | L129614 |
| 008 - FIXED-LENGTH DATA ELEMENTS--GENERAL INFORMATION | |
| fixed length control field | 050506c2005 xxkwr p 0 a0eng u |
| 022 ## - INTERNATIONAL STANDARD SERIAL NUMBER | |
| International Standard Serial Number | 1747-0811 |
| 035 ## - SYSTEM CONTROL NUMBER | |
| System control number | (Sirsi) u129614 |
| 041 ## - LANGUAGE CODE | |
| Language code of text/sound track or separate title | eng |
| 245 00 - TITLE STATEMENT | |
| Title | QS Week |
| 260 ## - PUBLICATION, DISTRIBUTION, ETC. | |
| Place of publication, distribution, etc. | London |
| Name of publisher, distributor, etc. | Emap |
| Date of publication, distribution, etc. | 2005- |
| 362 ## - DATES OF PUBLICATION AND/OR SEQUENTIAL DESIGNATION | |
| Dates of publication and/or sequential designation | London: (1) 27 April 2005-(36) 18 January 2006 |
| 520 ## - SUMMARY, ETC. | |
| Summary, etc. | From issue 37, the journal is available online only. |
| 554 ## - | |
| -- | Weekly |
| 651 #4 - SUBJECT ADDED ENTRY--GEOGRAPHIC NAME | |
| Geographic name | United Kingdom |
| Chronological subdivision | |
| 690 ## - LOCAL SUBJECT ADDED ENTRY--TOPICAL TERM (OCLC, RLIN) | |
| Topical term or geographic name as entry element | Quantity surveying |
| 9 (RLIN) | 6263 |
| 856 ## - ELECTRONIC LOCATION AND ACCESS | |
| Uniform Resource Identifier | <a href="https://www.qsweek.com">https://www.qsweek.com</a> |
| 942 ## - ADDED ENTRY ELEMENTS (KOHA) | |
| Suppress in OPAC | 0 |
| Withdrawn status | Lost status | Source of classification or shelving scheme | Damaged status | Not for loan | Home library | Current library | Shelving location | Date acquired | Total Checkouts | Full call number | Barcode | Date last seen | Price effective from | Koha item type |
|---|---|---|---|---|---|---|---|---|---|---|---|---|---|---|
| Dewey Decimal Classification | London | London | Journals | 31/07/2007 | QS WEEK | 129614-3001 | 06/08/2019 | 06/08/2019 | Journal |